[Event "Eastern Asia-ch zt 3.3 (Women)"]
[Site "Ulaanbaatar"]
[Date "2019.04.15"]
[Round "9"]
[White "Yanjinlkham, Bayarsaikhan"]
[Black "Sihite, Chelsie Monica"]
[Result "1-0"]
[WhiteElo "1951"]
[BlackElo "2227"]
[PlyCount "93"]
[EventDate "2019.04.07"]
[EventType "swiss"]
[EventRounds "9"]
[EventCountry "MGL"]
[SourceTitle "CBM 189 Extra"]
[Source "ChessBase"]
[SourceDate "2019.06.03"]
[SourceVersion "1"]
[SourceVersionDate "2019.06.03"]
[SourceQuality "1"]

1. d4 b6 2. c4 Bb7 3. f3 e5 4. e4 exd4 5. Qxd4 Nc6 6. Qd1 Bc5 7. Nc3 Bxg1 8. Rxg1 Qh4+ 9. g3 Qxh2 10. Rg2 Qh5 11. Bf4 0-0-0 12. g4 Qg6 13. Qd2 d6 14. 0-0-0 Nge7 15. Nd5 Qe6 16. Qc3 Ne5 17. Rgd2 f6 18. g5 Kb8 19. gxf6 Nxd5 20. cxd5 Qxf6 21. Bxe5 dxe5 22. Rc2 c6 23. dxc6 Rxd1+ 24. Kxd1 Bxc6 25. Qxc6 Qxf3+ 26. Ke1 Qe3+ 27. Re2 Qg3+ 28. Rf2 Rd8 29. Qc3 Qg5 30. Bh3 Qg1+ 31. Ke2 Qd1+ 32. Ke3 Ka8 33. Qc6+ Kb8 34. Qc3 Qh5 35. Bf5 Qh6+ 36. Ke2 Qd6 37. Kf1 g6 38. Bh3 h5 39. Rc2 g5 40. Bf5 g4 41. Kg2 a5 42. Qc6 Qxc6 43. Rxc6 Rd2+ 44. Kg3 Kb7 45. Rh6 Rxb2 46. Be6 Kc7 47. Bd5 1-0

[Event "Novi Sad TS 108th"]
[Site "Novi Sad"]
[Date "2019.02.14"]
[Round "6"]
[White "Zhang, Lanlin"]
[Black "Yanjinlkham, Bayarsaikhan"]
[Result "1/2-1/2"]
[WhiteElo "2192"]
[BlackElo "1950"]
[PlyCount "106"]
[EventDate "2019.02.12"]
[EventType "swiss"]
[EventRounds "9"]
[EventCountry "SRB"]
[SourceTitle "CBM 189 Extra"]
[Source "ChessBase"]
[SourceDate "2019.06.03"]
[SourceVersion "1"]
[SourceVersionDate "2019.06.03"]
[SourceQuality "1"]

1. e4 c5 2. Nc3 d6 3. f4 g6 4. Nf3 Bg7 5. g3 Nc6 6. Bg2 Nd4 7. h3 e6 8. d3 Ne7 9. 0-0 Nec6 10. Be3 0-0 11. Rb1 Rb8 12. Ne2 Bd7 13. c3 Nxf3+ 14. Bxf3 Ne7 15. g4 f5 16. gxf5 exf5 17. Kh2 Kh8 18. Bg2 Ng8 19. d4 fxe4 20. dxc5 dxc5 21. Bxc5 Rf5 22. Bxa7 Ra8 23. Bd4 Nf6 24. Ng3 Rb5 25. Nxe4 Nxe4 26. Bxg7+ Kxg7 27. Bxe4 Be6 28. Qe2 Qb6 29. b3 Re8 30. Bg2 Rh5 31. Qf2 Qxf2 32. Rxf2 Bxh3 33. Bf3 Bg4+ 34. Kg3 Bxf3 35. Rxf3 Re2 36. Rf2 Re3+ 37. Kg2 Rhh3 38. Rbb2 Rxc3 39. Rbd2 Rhg3+ 40. Kf1 Rc7 41. f5 g5 42. b4 h5 43. b5 h4 44. b6 Rf7 45. a4 h3 46. a5 h2 47. Rxh2 Rxf5+ 48. Rhf2 Rxa5 49. Rd7+ Kg6 50. Rxb7 Ra1+ 51. Ke2 Ra2+ 52. Kf1 Ra1+ 53. Ke2 Ra2+ 1/2-1/2

[Event "Novi Sad TS IM 109th"]
[Site "Novi Sad"]
[Date "2019.02.09"]
[Round "6"]
[White "Sai Agni, Jeevitesh J"]
[Black "Yanjinlkham, Bayarsaikhan"]
[Result "1-0"]
[WhiteElo "2325"]
[BlackElo "1968"]
[PlyCount "119"]
[EventDate "2019.02.07"]
[EventType "tourn"]
[EventRounds "9"]
[EventCountry "SRB"]
[SourceTitle "CBM 189 Extra"]
[Source "ChessBase"]
[SourceDate "2019.06.03"]
[SourceVersion "1"]
[SourceVersionDate "2019.06.03"]
[SourceQuality "1"]

1. Nf3 d5 2. e3 c6 3. c4 e6 4. Nc3 f5 5. d4 Nf6 6. Bd3 Bd6 7. 0-0 0-0 8. b3 Ne4 9. Bb2 Nd7 10. Ne2 Qf6 11. Ne1 Qh6 12. g3 g5 13. cxd5 cxd5 14. f3 Nef6 15. Qc1 g4 16. f4 Qg7 17. Ba3 Qe7 18. Bxd6 Qxd6 19. Qc2 Ne8 20. Rc1 Ndf6 21. Bb5 a6 22. Bxe8 Nxe8 23. Nd3 Bd7 24. a4 Rc8 25. Qb2 Nf6 26. Rxc8 Rxc8 27. Rc1 Bc6 28. Nc3 Ne4 29. Nxe4 dxe4 30. Ne5 b5 31. a5 Bb7 32. Rxc8+ Bxc8 33. Qc3 Bb7 34. Qc5 Qxc5 35. dxc5 Kf8 36. b4 Ke7 37. Kf2 Kd8 38. Ke1 Kc7 39. Kd2 Bc6 40. Nf7 Kd7 41. Kc3 Ke7 42. Ne5 Ba8 43. Kd4 Bd5 44. Kc3 Ba8 45. Kd2 Bb7 46. Ke1 Bc8 47. c6 Kd6 48. Kf2 Ke7 49. Kg2 Kd6 50. h3 h5 51. h4 Kc7 52. Kf2 Kd6 53. Ke2 Kc7 54. Kd2 Kd8 55. Kc2 Ke8 56. Kb3 Kd8 57. Kc3 Kc7 58. Kd4 Kd6 59. Nf7+ Kc7 60. Ke5 1-0

[Event "Olomouc op 20th"]
[Site "Olomouc"]
[Date "2017.08.13"]
[Round "2"]
[White "Yanjinlkham, Bayarsaikhan"]
[Black "Houska, Jiri"]
[Result "1-0"]
[WhiteElo "1988"]
[BlackElo "2202"]
[PlyCount "103"]
[EventDate "2017.08.12"]
[EventType "swiss"]
[EventRounds "9"]
[EventCountry "CZE"]
[SourceTitle "CBM 180 Extra"]
[Source "ChessBase"]
[SourceDate "2017.10.06"]
[SourceVersion "1"]
[SourceVersionDate "2017.10.06"]
[SourceQuality "1"]

1. d4 Nf6 2. Nf3 g6 3. g3 Bg7 4. Bg2 d5 5. c4 dxc4 6. Qa4+ Nfd7 7. Qxc4 Nc6 8. Ng5 0-0 9. d5 Nce5 10. Qh4 h6 11. Nf3 Nxf3+ 12. Bxf3 Ne5 13. Bg2 Ng4 14. Bf3 Bf6 15. Qh3 Ne3 16. Qxh6 Nc2+ 17. Kf1 Nxa1 18. Qd2 e6 19. Nc3 exd5 20. Nxd5 c6 21. Nxf6+ Qxf6 22. Kg2 Rd8 23. Qa5 b6 24. Qa4 b5 25. Qa5 Nc2 26. h4 Rd4 27. Qc3 Nb4 28. e3 Rd6 29. Qxb4 Bb7 30. e4 Qd4 31. Qa5 Qb6 32. Qa3 c5 33. h5 Re8 34. Qe3 c4 35. Qh6 Qd4 36. hxg6 Rxg6 37. Qh7+ Kf8 38. Be3 Qe5 39. Rh5 Qxb2 40. Bc5+ Re7 41. Rf5 Qg7 42. Bxe7+ Kxe7 43. Qh4+ Ke8 44. Qf4 Rb6 45. Bh5 Qd4 46. Bxf7+ Kd7 47. Bd5 Bxd5 48. Rxd5+ Qxd5 49. exd5 c3 50. Qf5+ Kd8 51. a3 a5 52. Qf8+ 1-0

[Event "Prague Summer op 4th"]
[Site "Prague"]
[Date "2017.08.09"]
[Round "7"]
[White "Yanjinlkham, Bayarsaikhan"]
[Black "Malinovsky, Petr"]
[Result "1/2-1/2"]
[WhiteElo "1988"]
[BlackElo "2057"]
[PlyCount "70"]
[EventDate "2017.08.04"]
[EventType "swiss"]
[EventRounds "9"]
[EventCountry "CZE"]
[SourceTitle "CBM 179 Extra"]
[Source "ChessBase"]
[SourceDate "2017.08.23"]
[SourceVersion "1"]
[SourceVersionDate "2017.08.23"]
[SourceQuality "1"]

1. d4 d5 2. c4 e6 3. Nf3 c6 4. Nbd2 f5 5. g3 Nf6 6. Bg2 Bd6 7. 0-0 Nbd7 8. Rb1 a5 9. Qa4 0-0 10. c5 Bc7 11. b4 b5 12. cxb6 Nxb6 13. Qc2 axb4 14. Rxb4 Bd6 15. Rb1 Bd7 16. Nb3 Nc4 17. Nbd2 Na3 18. Bxa3 Rxa3 19. Rb2 e5 20. e3 f4 21. exf4 exf4 22. Ne5 Qe7 23. Nxd7 Qxd7 24. Re1 fxg3 25. hxg3 Qg4 26. Nb3 Ra6 27. Nc5 Ra3 28. Rb3 Bxc5 29. Qxc5 Rxa2 30. Bf3 Qg5 31. Qxc6 Ne4 32. Bxe4 dxe4 33. Rf1 Qf5 34. Rb5 Qf7 35. Rb7 Rc2 1/2-1/2

[Event "Prague Summer op 4th"]
[Site "Prague"]
[Date "2017.08.06"]
[Round "4"]
[White "Haase, Pavel"]
[Black "Yanjinlkham, Bayarsaikhan"]
[Result "1-0"]
[WhiteElo "2177"]
[BlackElo "1988"]
[PlyCount "113"]
[EventDate "2017.08.04"]
[EventType "swiss"]
[EventRounds "9"]
[EventCountry "CZE"]
[SourceTitle "CBM 179 Extra"]
[Source "ChessBase"]
[SourceDate "2017.08.23"]
[SourceVersion "1"]
[SourceVersionDate "2017.08.23"]
[SourceQuality "1"]

1. Nf3 Nf6 2. d4 g6 3. c4 c6 4. Nc3 d5 5. Bf4 Bg7 6. e3 0-0 7. h3 a6 8. Rc1 b5 9. cxd5 cxd5 10. Bd3 Bb7 11. 0-0 Nc6 12. Ne5 Nxe5 13. Bxe5 Nd7 14. Bxg7 Kxg7 15. f4 Nb6 16. g4 b4 17. Na4 Nc4 18. Qe2 Bc6 19. b3 Bxa4 20. bxc4 dxc4 21. Rxc4 a5 22. Rfc1 Qd6 23. Rc5 Bd7 24. Be4 Rac8 25. Bb7 Rxc5 26. dxc5 Qe6 27. Kf2 Bc6 28. Bxc6 Qxc6 29. Qd2 Rc8 30. h4 Qe6 31. Kf3 h5 32. Qd4+ Kh7 33. gxh5 Qh3+ 34. Ke2 Qg4+ 35. Kd2 Qxh5 36. c6 Qg4 37. Qd5 Kg7 38. c7 Qe6 39. Qxe6 fxe6 40. Rc5 a4 41. Kd3 Kf7 42. Kc4 b3 43. axb3 axb3 44. Kxb3 Ke8 45. e4 Kd7 46. Kc4 Rxc7 47. Rxc7+ Kxc7 48. f5 exf5 49. exf5 Kd8 50. fxg6 Ke8 51. h5 Kf8 52. h6 Kg8 53. Kd5 Kf8 54. Ke6 Kg8 55. h7+ Kg7 56. h8Q+ Kxh8 57. Kf7 1-0

[Event "Prague Summer op 4th"]
[Site "Prague"]
[Date "2017.08.04"]
[Round "1"]
[White "Yanjinlkham, Bayarsaikhan"]
[Black "Gedajlovic, Max"]
[Result "1/2-1/2"]
[WhiteElo "1988"]
[BlackElo "2312"]
[PlyCount "143"]
[EventDate "2017.08.04"]
[EventType "swiss"]
[EventRounds "9"]
[EventCountry "CZE"]
[SourceTitle "CBM 179 Extra"]
[Source "ChessBase"]
[SourceDate "2017.08.23"]
[SourceVersion "1"]
[SourceVersionDate "2017.08.23"]
[SourceQuality "1"]

1. d4 Nf6 2. c4 e6 3. g3 d5 4. Nf3 Bb4+ 5. Bd2 Be7 6. Bg2 0-0 7. Qc2 c6 8. 0-0 Nbd7 9. Rd1 b6 10. b3 Ba6 11. a4 Rc8 12. a5 c5 13. axb6 Qxb6 14. Ba5 Qb8 15. Nbd2 Bb7 16. dxc5 Nxc5 17. b4 Nce4 18. c5 e5 19. Qb2 d4 20. Bh3 Nc3 21. Re1 Bxf3 22. Bxc8 Nxe2+ 23. Kf1 Bh5 24. Ba6 Nc3 25. c6 Qd6 26. c7 Qxa6+ 27. b5 Qb7 28. f3 e4 29. Bxc3 dxc3 30. Qxc3 Qxb5+ 31. Qc4 Qf5 32. Nxe4 Qxf3+ 33. Kg1 Qf5 34. Rac1 Rc8 35. Nxf6+ Qxf6 36. Qe4 Bf8 37. Rc6 Qb2 38. Rb1 Qd2 39. Rb8 Qd1+ 40. Kg2 Qd2+ 41. Kh3 Qd7+ 42. g4 Rxc7 43. Rxc7 Qxc7 44. Qb4 Bxg4+ 45. Kxg4 f5+ 46. Kxf5 Qf7+ 47. Kg4 Qe6+ 48. Kf3 Qh3+ 49. Kf2 Qxh2+ 50. Kf1 Qh3+ 51. Kg1 Qg3+ 52. Kf1 Qf3+ 53. Kg1 Qf7 54. Kg2 h5 55. Kg1 Qg6+ 56. Kh2 Qf5 57. Qb3+ Kh7 58. Qb1 Bd6+ 59. Kh1 Qxb1+ 60. Rxb1 Kh6 61. Rb7 Bc5 62. Rc7 Bb6 63. Rc6+ Kg5 64. Kg2 Kf5 65. Rd6 Ke4 66. Kh3 Bd4 67. Kh4 Kd3 68. Kxh5 a5 69. Ra6 Bc3 70. Kg6 Kc4 71. Rxa5 Bxa5 72. Kxg7 1/2-1/2

[Event "Wch U20 Girls 34th"]
[Site "Bhubaneswar"]
[Date "2016.08.17"]
[Round "9"]
[White "Eswaran, Ashritha"]
[Black "Yanjinlkham, Bayarsaikhan"]
[Result "1-0"]
[WhiteElo "2226"]
[BlackElo "1990"]
[PlyCount "78"]
[EventDate "2016.08.08"]
[EventType "swiss"]
[EventRounds "13"]
[EventCountry "IND"]
[SourceTitle "CBM 173 Extra"]
[Source "ChessBase"]
[SourceDate "2016.08.29"]
[SourceVersion "1"]
[SourceVersionDate "2016.08.29"]
[SourceQuality "1"]

1. e4 c5 2. Nf3 d6 3. d4 cxd4 4. Nxd4 Nf6 5. Nc3 a6 6. Qf3 e5 7. Nf5 b5 8. Bg5 h6 9. Bxf6 Qxf6 10. Nd5 Qd8 11. Qc3 Ra7 12. a4 b4 13. Qxb4 Bxf5 14. exf5 Be7 15. Nxe7 Kxe7 16. 0-0-0 Re8 17. g4 Nc6 18. Qe4 Qb6 19. Bg2 Rc7 20. Rhe1 Nb4 21. c3 Rb8 22. Kd2 Na2 23. Rb1 Qxf2+ 24. Re2 Qc5 25. Ke1 Nxc3 26. bxc3 Rxb1+ 27. Qxb1 Qxc3+ 28. Kf1 Rc4 29. Re4 Rc7 30. Rb4 Rc4 31. Rb7+ Kf6 32. Bd5 Qh3+ 33. Kg1 Qe3+ 34. Kg2 Qd2+ 35. Kg3 Qxd5 36. Qb6 Qd3+ 37. Kh4 Rc8 38. Rd7 g5+ 39. fxg6 Ke6 1-0

[Event "Wch U20 Girls 34th"]
[Site "Bhubaneswar"]
[Date "2016.08.08"]
[Round "1"]
[White "Yanjinlkham, Bayarsaikhan"]
[Black "Michelle, Catherina P"]
[Result "0-1"]
[WhiteElo "1990"]
[BlackElo "2205"]
[PlyCount "195"]
[EventDate "2016.08.08"]
[EventType "swiss"]
[EventRounds "13"]
[EventCountry "IND"]
[SourceTitle "CBM 173 Extra"]
[Source "ChessBase"]
[SourceDate "2016.08.29"]
[SourceVersion "1"]
[SourceVersionDate "2016.08.29"]
[SourceQuality "1"]

1. d4 Nf6 2. c4 e6 3. g3 d5 4. Nf3 Bb4+ 5. Bd2 Bd6 6. Nc3 c6 7. Qb3 dxc4 8. Qxc4 0-0 9. Bg2 Nbd7 10. 0-0 e5 11. Rad1 Qe7 12. e4 exd4 13. Nxd4 Nb6 14. Qe2 Bc5 15. Bc1 Bg4 16. Nf3 Rfe8 17. Rfe1 Rad8 18. h3 Bh5 19. g4 Bg6 20. Rxd8 Qxd8 21. Nh4 Nxe4 22. Nxe4 Bxe4 23. Nf5 Bb4 24. Rd1 Bd5 25. Be3 Bc5 26. Qc2 Bxe3 27. Nxe3 g6 28. Qd3 Qh4 29. Nxd5 Nxd5 30. Bxd5 cxd5 31. Qb3 Re2 32. Qf3 Rxb2 33. Rxd5 Rb1+ 34. Kg2 Qe7 35. Qd3 Rb6 36. g5 Qb4 37. Re5 Rd6 38. Re8+ Kg7 39. Qf3 Qc5 40. Qf4 Qc6+ 41. Re4 Re6 42. f3 Rxe4 43. fxe4 Qe6 44. a4 a6 45. h4 b5 46. axb5 axb5 47. e5 Qd5+ 48. Kh2 Kf8 49. e6 Qa2+ 50. Kg3 Qb3+ 51. Kh2 Qxe6 52. Qb4+ Kg7 53. Qxb5 Qd6+ 54. Kh3 Qd4 55. Qb8 h6 56. Qb5 Qe3+ 57. Kg2 Qe4+ 58. Kg3 Qe3+ 59. Kg2 hxg5 60. hxg5 Qf4 61. Qc5 Qg4+ 62. Kh2 Kg8 63. Qd5 Qf4+ 64. Kg2 Kg7 65. Qd8 Qg4+ 66. Kh2 Qf3 67. Kg1 Qe3+ 68. Kg2 Kh7 69. Kh2 Qa3 70. Kg2 Kg7 71. Kh2 Qa2+ 72. Kg3 Qe6 73. Qd4+ Kh7 74. Qd8 Qf5 75. Kg2 Qe5 76. Kh3 Kg7 77. Kg4 Qf5+ 78. Kg3 Qe4 79. Kh3 Qe6+ 80. Kg3 Qb3+ 81. Kg4 Qc4+ 82. Kg3 Qe4 83. Kh3 Qf4 84. Kg2 Qb4 85. Kg3 Qf8 86. Qd4+ Kg8 87. Qf6 Qe8 88. Kg2 Qd7 89. Kh2 Qc7+ 90. Kg2 Kf8 91. Kh3 Ke8 92. Kg2 Qe7 93. Qc6+ Qd7 94. Qc5 Qe6 95. Kg3 Kd7 96. Kg2 Qc6+ 97. Qxc6+ Kxc6 98. Kf3 0-1

[Event "MGL-ch (Women) 48th"]
[Site "Uliastai"]
[Date "2016.02.22"]
[Round "9"]
[White "Yanjinlkham, Bayarsaikhan"]
[Black "Munkhzul, Turmunkh"]
[Result "1/2-1/2"]
[WhiteElo "1985"]
[BlackElo "1766"]
[PlyCount "147"]
[EventDate "2016.02.16"]
[EventType "tourn"]
[EventRounds "11"]
[EventCountry "MGL"]
[SourceTitle "CBM 171 Extra"]
[Source "ChessBase"]
[SourceDate "2016.04.26"]
[SourceVersion "1"]
[SourceVersionDate "2016.04.26"]
[SourceQuality "1"]

1. d4 f5 2. Bg5 h6 3. Bh4 g5 4. Bg3 Bg7 5. e3 Nf6 6. h4 g4 7. Ne2 b6 8. Nf4 h5 9. Nc3 Bb7 10. Nb5 Na6 11. Bd3 e6 12. Qe2 0-0 13. f3 Bh6 14. Ng6 Rf7 15. Bf4 Bxf4 16. Nxf4 Nb4 17. Nc3 c5 18. 0-0-0 Qb8 19. dxc5 bxc5 20. Bb5 a6 21. Ba4 Qc7 22. a3 Nc6 23. Nd3 c4 24. Nc5 Na5 25. Nxb7 Qxb7 26. Rdf1 Nd5 27. Nxd5 Qxd5 28. Qd2 Qxd2+ 29. Kxd2 Rb8 30. Kc3 d5 31. Rb1 Rc7 32. Kd4 Rcb7 33. Kc3 Kf7 34. Rhe1 e5 35. b4 cxb3 36. Bxb3 Nxb3 37. Rxb3 Rc8+ 38. Kb2 Rbc7 39. Re2 gxf3 40. gxf3 Rc4 41. Rb7+ Kf6 42. Rd2 Rxh4 43. Rb6+ Kf7 44. Rxd5 Rh2 45. Rd7+ Ke8 46. Rh7 Rhxc2+ 47. Kb1 R2c6 48. Rbb7 Rc1+ 49. Kb2 R1c2+ 50. Kb3 R2c3+ 51. Kb2 Rc2+ 52. Kb1 Rc1+ 53. Ka2 R1c2+ 54. Kb3 R2c3+ 55. Kb2 Rc2+ 56. Ka1 Rc1+ 57. Ka2 R1c2+ 58. Rb2 R8c3 59. Rxh5 Rxb2+ 60. Kxb2 Rxe3 61. Rxf5 Ke7 62. f4 Ke6 63. Rf8 exf4 64. Rxf4 a5 65. Rf8 Kd6 66. Ra8 Re5 67. Ra6+ Kc7 68. Kb3 Kb7 69. Rh6 Rg5 70. Ka4 Ka7 71. Rh4 Ka6 72. Re4 Rh5 73. Re6+ Kb7 74. Kb3 1/2-1/2

[Event "MGL-ch (Women) 48th"]
[Site "Uliastai"]
[Date "2016.02.21"]
[Round "7"]
[White "Yanjinlkham, Bayarsaikhan"]
[Black "Ankhchimeg, Bayanmunkh"]
[Result "1/2-1/2"]
[WhiteElo "1985"]
[BlackElo "2121"]
[PlyCount "158"]
[EventDate "2016.02.16"]
[EventType "tourn"]
[EventRounds "11"]
[EventCountry "MGL"]
[SourceTitle "CBM 171 Extra"]
[Source "ChessBase"]
[SourceDate "2016.04.26"]
[SourceVersion "1"]
[SourceVersionDate "2016.04.26"]
[SourceQuality "1"]

1. d4 Nf6 2. c4 e6 3. g3 Be7 4. Bg2 d5 5. Nf3 0-0 6. 0-0 dxc4 7. Ne5 Nbd7 8. Nxc4 c5 9. Nc3 cxd4 10. Qxd4 e5 11. Qd1 Qc7 12. b3 a6 13. Bb2 Rd8 14. Nd5 Nxd5 15. Qxd5 Bf6 16. Rac1 Nc5 17. Bxe5 Bxe5 18. Qxe5 Qxe5 19. Nxe5 Ne6 20. Nc4 Nd4 21. Rfe1 Bg4 22. f3 Be6 23. Kf2 a5 24. Nb6 Ra6 25. Na4 Rad6 26. Nc5 Bc8 27. f4 b6 28. Ne4 R6d7 29. Nc3 Ba6 30. Red1 Kf8 31. Bh3 Rd6 32. Ne4 Rh6 33. Ng5 Bxe2 34. Rxd4 Rxd4 35. Kxe2 Rd5 36. Rc8+ Ke7 37. Rc7+ Kd8 38. Rc8+ Ke7 39. Rc7+ Kd8 40. Rxf7 Rxg5 41. fxg5 Rxh3 42. Rf2 h6 43. g6 Rh5 44. Kd3 Ke7 45. Rf7+ Ke6 46. Rxg7 Rxh2 47. Ke3 Kf6 48. Rb7 Kxg6 49. Rxb6+ Kg7 50. a4 Rg2 51. Kf3 Rc2 52. Kg4 Rc3 53. Kf4 Rd3 54. Kg4 Rc3 55. Rb5 Rd3 56. Kf4 Rc3 57. g4 Kg6 58. Rb6+ Kg7 59. Rb5 Kf6 60. Rxa5 Rxb3 61. Ra6+ Kg7 62. Kf5 Rf3+ 63. Ke4 Rg3 64. Kf4 Rc3 65. Re6 Ra3 66. Re4 Kf6 67. Rb4 Ra1 68. Ke4 Ke6 69. Rb6+ Kf7 70. Rxh6 Rxa4+ 71. Kf5 Ra5+ 72. Kf4 Ra4+ 73. Kg5 Ra5+ 74. Kh4 Kg7 75. Rb6 Rc5 76. g5 Rc1 77. Rb5 Rh1+ 78. Kg4 Rg1+ 79. Kf4 Rf1+ 1/2-1/2

[Event "MGL-ch (Women) 48th"]
[Site "Uliastai"]
[Date "2016.02.16"]
[Round "1"]
[White "Batchimeg, Tuvshintugs"]
[Black "Yanjinlkham, Bayarsaikhan"]
[Result "1-0"]
[WhiteElo "2395"]
[BlackElo "1985"]
[PlyCount "75"]
[EventDate "2016.02.16"]
[EventType "tourn"]
[EventRounds "11"]
[EventCountry "MGL"]
[SourceTitle "CBM 171 Extra"]
[Source "ChessBase"]
[SourceDate "2016.04.26"]
[SourceVersion "1"]
[SourceVersionDate "2016.04.26"]
[SourceQuality "1"]

1. d4 Nf6 2. Nf3 d5 3. Bf4 c6 4. e3 g6 5. c4 Bg7 6. Nc3 Ne4 7. cxd5 Nxc3 8. bxc3 cxd5 9. Be5 0-0 10. Bd3 Nc6 11. Bxg7 Kxg7 12. Rb1 Qc7 13. Qb3 Na5 14. Qxd5 Qxc3+ 15. Ke2 Qa3 16. Rb5 Nc6 17. Rhb1 a5 18. Qb3 Qxb3 19. R1xb3 Nb4 20. a3 Nxd3 21. Kxd3 Rd8 22. Rc3 Ra6 23. Rc7 Kf8 24. Re5 Be6 25. Rxb7 a4 26. Ng5 Bd5 27. Rexe7 Bxb7 28. Rxf7+ Kg8 29. Rxb7 Rc8 30. Ne4 Rc1 31. Nc5 Rf6 32. Ne4 Ra6 33. d5 Ra1 34. d6 Rxa3+ 35. Kc4 Ra1 36. d7 Ra8 37. Rc7 Rf8 38. Nf6+ 1-0

[Event "MGL-ch (Women) 46th"]
[Site "Govi Altai"]
[Date "2014.04.12"]
[Round "11"]
[White "Anu, Bayar"]
[Black "Yanjinlkham, Bayarsaikhan"]
[Result "1-0"]
[WhiteElo "2002"]
[BlackElo "2050"]
[PlyCount "89"]
[EventDate "2014.04.04"]
[EventType "tourn"]
[EventRounds "11"]
[EventCountry "MGL"]
[SourceTitle "CBM 159 Extra"]
[Source "ChessBase"]
[SourceDate "2014.04.24"]
[SourceVersion "1"]
[SourceVersionDate "2014.04.24"]
[SourceQuality "1"]

1. d4 d5 2. c4 c6 3. e3 Nf6 4. Bd3 e6 5. Nf3 Nbd7 6. Nc3 dxc4 7. Bxc4 b5 8. Bd3 Bb7 9. 0-0 Rc8 10. e4 a6 11. Bg5 Be7 12. e5 Nd5 13. Ne4 0-0 14. Rc1 f6 15. exf6 N7xf6 16. Bxf6 Nxf6 17. Neg5 Qd6 18. Re1 c5 19. dxc5 Qd5 20. Nxe6 Rfe8 21. b4 Qxa2 22. Bc2 Bd5 23. Nf4 Bc4 24. Qd2 Bb3 25. Ne5 Rcd8 26. Qc3 Bxc2 27. Rxc2 Nd5 28. Rxa2 Nxc3 29. Rxa6 Bf6 30. Nf3 Rxe1+ 31. Nxe1 Rd1 32. Kf1 Bg5 33. Nfd3 Nd5 34. c6 Kf8 35. Ke2 Rd2+ 36. Kf3 Be7 37. Ra7 Ke8 38. Ne5 Bf6 39. N1d3 Kd8 40. Nf7+ Ke8 41. Nc5 Nb6 42. Ne4 Rc2 43. Nfd6+ Kd8 44. Nc5 Rc3+ 45. Ke2 1-0